| 000 | 00355nam a2200145Ia 4500 | ||
|---|---|---|---|
| 008 | 230917s9999||||xx |||||||||||||| ||und|| | ||
| 040 |
_e206412 _aMAIN |
||
| 041 | _aEnglish | ||
| 082 | _a954.5 K968M | ||
| 100 | _aKhushwant Singh | ||
| 245 | 0 | _aMera lahuluhan Punjab | |
| 260 |
_aNew Delhi _bRajkamal Prakashan _c2010 |
||
| 300 | _a167 p. | ||
| 942 | _cBK | ||
| 999 |
_c176321 _d176321 |
||